00278nam a2200121Ia 4500003000400000005001700004008004100021020001800062040002000080100001300100245001900113260002400132OSt20240110103723.0170524s9999 xx 000 0 und d a9788179650547 cIIMT UNIVERSITY aPANT- NC 0aSAMPADAN- KALA bN DELHI TAKSHSHILA